00430nam a2200145Ia 4500008004100000020001800041082001500059100002300074245001600097260000800113500001200121942000700133952012900140999001500269260604s9999 xx 000 0 und d a9780241677667 a823.91 DAH aDAHL, ROALD935355 0aTHE WITCHES bPEN aWitches cBK 00104070aIIMVbIIMVcGENERALd2026-06-04g399.00l0o823.91 DAHp003766r2026-06-04 10:19:08v399.00w2026-06-04yBKBDAH c8148d8148